000 00648nam a2200205Ii 4500
003 JO-AjNU
008 230605s9999||||xx |||||||||||||| ||und||
040 _aJO-AjNU
_bara
_erda
_cJO-AjNU
041 _aara
050 1 4 _aBP163.I5 1972
100 3 _aخليل، عماد الدين,
_eauthor
_934775
245 0 0 _aفي النقد الإسلامي المعاصر
250 _aط1
264 3 1 _aبيروت: مؤسسة الرسالة، 1972
300 _a219ص
336 _atext
_btxt
_2rdacontent
337 _aunmediated
_bn
_2rdamedia
338 _avolume
_bnc
_2rdacarrier
650 4 _aالادب الاسلامي- تاريخ ونقد
_934776
999 _aA14292
_c17860
_d17860